[Event "Prague Golden Blitz op 17th"]
[Site "Prague"]
[Date "2022.07.16"]
[Round "1"]
[White "Plasek, Zdenek"]
[Black "Chezeaud, Thomas"]
[Result "1-0"]
[WhiteElo "1865"]
[BlackElo "1292"]
[PlyCount "41"]
[EventDate "2022.07.16"]
[EventType "swiss (blitz)"]
[EventRounds "11"]
[EventCountry "CZE"]
[SourceTitle "CBM 209 Extra"]
[Source "ChessBase"]
[SourceDate "2022.09.30"]
[SourceVersion "1"]
[SourceVersionDate "2022.09.30"]
[SourceQuality "1"]

1. d4 d5 2. Bf4 Nc6 3. e3 f6 4. Bb5 Bd7 5. Bd3 e6 6. Qh5+ g6 7. Bxg6+ Ke7 8. Bd3 Qe8 9. Qh4 Nb4 10. Bxc7 Rc8 11. Qg3 Nxd3+ 12. cxd3 Bb5 13. Bd6+ Kf7 14. Nc3 Bxd3 15. Rd1 Bc4 16. Nge2 Bxa2 17. Nxa2 Qa4 18. Nac3 Qa5 19. Bxf8 Rxf8 20. 0-0 Rc8 21. Ra1 1-0